10 największych miast Albanii - Statystyki

Ogólne statystyki
  • Ten quiz został rozwiązany 74 razy
    71 od ostatniego zresetowania
  • Średni wynik to 4 z 10
Statystyki odpowiedzi
Miejsce/liczba ludności Miasto % Poprawnych
1. 418 495 Tirana
100%
2. 113 249 Durrës
75%
4.79 513 Wlora
58%
3. 86 677 Szkodra
50%
8. 36 496 Berat
28%
7. 51 152 Korcza
28%
5. 78 703 Elbasan
25%
6. 55 845 Fier
22%
9. 34 000 Gjirokastёr
14%
10. 31 424 Lushnja
8%
Nie znaleziono quizów pasujących do podanych kryteriów
Rozkład punktacji
Procent ludzi z każdym wynikiem
Percentyl według liczby udzielonych odpowiedzi
Twoja historia wyników
Nie rozwiązałeś tego quizu od ostatniego zresetowania